MARC

LEADER 00000nam0a2200000 4500
001 317398
005 20231101015757.0
035 |a (RuTPU)RU\TPU\book\342866 
090 |a 317398 
100 |a 20160407d1970 k y0rusy50 ca 
101 0 |a rus 
102 |a RU 
105 |a a z 001zy 
200 1 |a К теории полета ракет  |e [монография]  |f Л. М. Воробьев 
210 |a Москва  |c Машиностроение  |d 1970 
215 |a 223 с.  |c ил. 
320 |a Библиогр.: с. 217-220 
606 1 |a Ракеты  |x Динамика  |2 stltpush  |3 (RuTPU)RU\TPU\subj\23749 
610 1 |a полеты 
610 1 |a ракетные аппараты 
610 1 |a модельное движение 
610 1 |a летные характеристики 
610 1 |a прямолинейное движение 
610 1 |a криволинейное движение 
610 1 |a траектория 
610 1 |a параметрическая оптимизация 
610 1 |a летательные аппараты 
610 1 |a оптимальные параметры 
610 1 |a оптимальный полет 
610 1 |a вариационный метод 
610 1 |a монографии 
675 |a 629.76.01  |v 4 
700 1 |a Воробьев  |b Л. М.  |g Леонид Михайлович 
801 1 |a RU  |b 63413507  |c 20160407 
801 2 |a RU  |b 63413507  |c 20200722  |g RCR 
942 |c BK